• 首页
  • 本馆介绍
  • 公告通知
  • 最新文献
  • 馆藏检索
  • 电子资源
  • 读者导购
  • 参考咨询
  • 我的图书馆
  • 登录
  • 详细信息显示
  • 放入我的书架
  • 预约/预借图书
  • 作者相关作品
  • 分类相关作品
  • 丛书相关作品
  • 出版社相关作品

书目信息

  • 表格格式
  • 工作单格式
  • 卡片格式
题名:
工程数学题解
    
 
作者: 杨曙 , 杨应辰 编
分册:  
出版信息: 北京   国防工业出版社  1983
页数: 840页
开本: 19cm
丛书名:
单 册:
中图分类: O29:TB11
科图分类:
主题词: 应用数学 , 数学--应用
电子资源:
ISBN:
000 00675nam0 2200253 45
001 0183001521
005 20060523105810.01
010    @dCNY3.50
091    @a15034.2566
100    @a19950227d1983 em y0chiy0121 ea
101 0  @achi
102    @aCN@b110000
105    @ay q 000yy
200 10 @a工程数学题解@Agong cheng shuo xue ti jie@f杨曙,杨应辰等编@FYang Shu,Yang Ying Chen Deng Bian
210    @a北京@c国防工业出版社@d1983
215    @a840页@d19cm
606 0  @a应用数学
606 0  @a数学@x应用
690    @aO29:TB11@v3
701  0 @a杨曙@4编
701  0 @a杨应辰@4编
801  0 @aCN@b上海图书馆@c20060523
801  2 @aCN@bNLC@c20060517
905    @dO29:TB11@e4
    
    工程数学题解/杨曙,杨应辰等编.-北京:国防工业出版社,1983
    840页;19cm
    
    
    ISBN :CNY3.50
    
●
相关链接 在E读中查询图书 在五车中查询图书 在当当中查询图书 在豆瓣中查询图书


正题名:工程数学题解     索取号:O29:TB11/4         预约/预借

序号 登录号 条形码 馆藏地/架位号 状态 备注
1 0104040   001946014   第三借阅区/ [索取号:O29:TB11/4] 在馆    
2 0104041   202370905   密集书库/ [索取号:O29:TB11/4] 在馆    
3 0104042   202358652   密集书库/ [索取号:O29:TB11/4] 在馆    
唐山师范学院图书馆 欢迎您!
大连网信软件有限公司© 版权所有